Quiz - Pays d’Amérique de A à Z - Statistiques

Statistiques générales
  • Ce quiz a été pris 280 fois
    69 depuis la dernière actualisation
  • Le résultat moyen est 13 sur 15
Statistiques - réponses
Hint Réponse % Correct
B Bolivie | Brésil | Belize | Bahamas | Barbade
98%
C Chili | Canada | Cuba | Costa Rica | Colombie
96%
P Panama | Paraguay | Pérou
96%
A Argentine | Antigua et Barbuda
95%
H Haïti | Honduras
95%
V Venezuela
94%
E Équateur | Etats-Unis
93%
U Uruguay
91%
J Jamaïque
90%
G Grenade | Guatemala | Guyana
88%
M Mexique
88%
S Suriname | Salvador | Sainte-Lucie | Saint-Vincent-et-les-Grenadines | Saint -Christophe-et-Nieves
80%
N Nicaragua
78%
D Dominique
63%
T Trinité-et-Tobago
58%
R République Dominicaine
53%
Aucun quiz correspondant
Distribution des résultats
% des personnes avec chaque résultat
Percentile par nombre de réponses
Votre historique - résultats
Vous n’avez pas pris ce quiz depuis la dernière actualisation